Unter preußischem Banner

Titel: Unter preußischem Banner : Friedens- und Kriegserinnerungen eines alten deutschen Offiziers / von K. G. M [Kressner, Generalmajor z.D.]
Verfasser:
Veröffentlicht: Berlin : Schwetschke, 1904
Umfang: 230 Seiten
Format: Buch
Sprache: Deutsch
Schlagworte:
Kein Bild verfügbar
X
alg: 9904239
001A    $00026:26-06-01 
001B    $01999:06-02-25 $t09:34:05.000 
001D    $00026:26-06-01 
001U    $0utf8 
001X    $00 
002@    $0Aay 
002C    $aText $btxt $2rdacontent 
002D    $aohne Hilfsmittel zu benutzen $bn $2rdamedia 
002E    $aBand $bnc $2rdacarrier 
003@    $0099042398 
003O    $0174732663 $aOCoLC 
007A    $0099042398 $aHEB 
007G    $0DE0203E30D8CC21BDD0BAC12581C3003C99EF 
009P    $qapplication/pdf $A2 $3Inhaltsverzeichnis $uhttp://scans.hebis.de/HEBCGI/show.pl?09904239_toc.pdf $mV:DE-603;B:DE-Mb50 
010@    $ager 
011@    $a1904 
013D    $RQuelle $RBericht $RTagebuch $#Personal narratives $#Récits personnels $#Augenzeugenbericht Formschlagwort $#Eindrücke Formschlagwort $#Erlebnisgeschichte $#Reportage Formschlagwort $#Erfahrungsbericht $#Persönlicher Bericht $74133254-4 $8Erlebnisbericht [Ts1] $9085482919 
021A    $aUnter preußischem Banner $dFriedens- und Kriegserinnerungen eines alten deutschen Offiziers $hvon K. G. M [Kressner, Generalmajor z.D.] 
028A    $BVerfasser $#Kressner, Erwin $4aut $D20220215 $Ecgwrk $7126528683 $8Kressner, Erwin Robert$Z1837-1919 [Tp1] $915708714X 
033A    $pBerlin $nSchwetschke 
034D    $a230 Seiten 
044K    $RDeutsches Reich $RHerzogtum Preußen $#Preußen $#Preußen $#Brandenburg-Preußen $#Königreich Preußen $#Preußische Staaten $#Preußischer Staat $#Der @Preußische Staat $#Königlich Preußische Staaten $#Prusy Królewskie $#Königlich Preußen $#Prussia $74047194-9 $8Preußen [Tg1] $9085131652 
044K    $#Kressner, Erwin $7126528683 $8Kressner, Erwin Robert$Z1837-1919 [Tp1] $915708714X 

lok: 9904239 8

exp: 9904239 8 1 #EPN
201B/01 $017-04-20 $t07:51:39.000 
201C/01 $017-04-20 
201U/01 $0utf8 
203@/01 $01101009721 
206V/01 $0//resolver.hebis.de/retro/original/d4921045 $2https 
208@/01 $a17-04-20 $br 
209A/01 $a50/9439 $di $f000 $x00 
209B/01 $a34 $x05 
247C/01 $8611000-9 <17>Darmstadt, TU Darmstadt, Universitäts- und Landesbibliothek - Stadtmitte $9102595879 
247D/01 $aNur in den Forschungslesesaal bestellbar 

lok: 9904239 24

exp: 9904239 24 1 #EPN
201B/01 $019-10-17 $t15:52:47.000 
201C/01 $019-10-17 
201U/01 $0utf8 
203@/01 $01008582603 
208@/01 $a19-10-17 $bz 
209A/01 $a17.06265 $du $f050 $h17 06265 $x00 
209C/01 $a17.06265 G $h17 06265 G 
209G/01 $a73757592 $x00 
220C/01 $ahae 
247C/01 $8358050-7 Marburg, Bibliothek des Herder-Instituts Marburg $9102600961 

lok: 9904239 204

exp: 9904239 204 1 #EPN
201B/01 $020-12-02 $t13:17:44.364 
201C/01 $026-06-01 
203@/01 $0161196039 
208@/01 $a16-08-01 $bz 
209A/01 $a21.777.84 $du $f000 $h21 777 84 $x00 
209G/01 $a21777846 $x00 
245S/01 $a10000 $x01 
247C/01 $8631000-x <26>Gießen, Universität Gießen, Universitätsbibliothek Gießen $9102596697 
201U/01 $0utf8
LEADER 00000cam a22000002c 4500
001 099042398
003 DE-603
005 20250206093405.0
007 tu
008 010626s1904 xx |||| | u00||u|ger c
035 |a (DE-599)HEB099042398 
035 |a (OCoLC)174732663 
040 |a DE-603  |b ger  |c DE-603  |d DE-603 
041 |a ger 
100 1 |a Kressner, Erwin Robert  |d 1837-1919  |e Verfasser  |4 aut  |0 (DE-603)15708714X  |0 (DE-588)126528683  |2 gnd 
245 0 0 |a Unter preußischem Banner  |b Friedens- und Kriegserinnerungen eines alten deutschen Offiziers  |c von K. G. M [Kressner, Generalmajor z.D.] 
264 1 |a Berlin  |b Schwetschke  |c 1904 
300 |a 230 Seiten 
336 |a Text  |b txt  |2 rdacontent 
337 |a ohne Hilfsmittel zu benutzen  |b n  |2 rdamedia 
338 |a Band  |b nc  |2 rdacarrier 
600 1 7 |a Kressner, Erwin Robert  |d 1837-1919  |0 (DE-588)126528683  |0 (DE-603)15708714X  |2 gnd 
651 7 |a Preußen  |0 (DE-588)4047194-9  |0 (DE-603)085131652  |2 gnd 
655 7 |a Erlebnisbericht  |2 gnd-content  |0 (DE-588)4133254-4  |0 (DE-603)085482919 
856 4 2 |m V:DE-603;B:DE-Mb50  |q application/pdf  |u http://scans.hebis.de/HEBCGI/show.pl?09904239_toc.pdf  |3 Inhaltsverzeichnis 
924 0 |9 17  |a (DE-603)1101009721  |b DE-17  |c HES  |d c  |g 50/9439 
924 0 |9 Mb 50  |a (DE-603)1008582603  |b DE-Mb50  |c HES  |d c  |g 17.06265 
924 0 |9 26  |a (DE-603)161196039  |b DE-26  |c HES  |d c  |g 21.777.84